000 00836nam a2200253Ia 4500
001 9873
003 GE_BSU
008 181216s||||||||xx |||||||||||||| ||und||
020 _a9992879564
040 _cGE_BSU
080 _a821.353.1–1
100 _aნიკოლეიშვილი,ავთანდილ
245 _aგამწყრალი მუზა
245 _bლირიკა
245 _cრედ. თეიმურაზ ლანჩავა.მხატვ. ჯავა ჭეიშვილი
260 _aქუთაისი
260 _bქუთაისის სახ. უნ-ტის გამ-ბა
260 _c2002
300 _a112გვ.20სმ
541 _h5ლ.
653 _aგამწყრალი მუზა
653 _aლირიკა
942 _cBK
999 _c43152
_d43152